Sportwettbewerbe anhand von Logos. - Statistiken

Allgemein
  • Dieses Quiz wurde 246 mal gespielt
  • Das Durchschnittsergebnis liegt bei 11 aus 20
Antwortstatistiken
Bildquiz Antwort % Korrekt
Bundesliga
98%
Formel 1
96%
National Basketball Association
95%
Olympische Spiele
92%
National Football League
91%
Premier League
90%
Champions League
88%
Tour de France
74%
Wimbledon Championships
66%
LaLiga
65%
Afrika-Cup
58%
National Hockey League
53%
French Open
44%
Australian Open
35%
Copa Libertadores
26%
Paralympische Spiele
20%
Euroleague
9%
Rugby-Union-Weltmeisterschaft
6%
Davis Cup
5%
European Rugby Champions Cup
0%
Keine übereinstimmenden Quizze gefunden
Verteilung der Resultate
Anzahl Personen mit jedem Resultat
Perzentil nach korrekt beantworteten Fragen
Ihre Resultats-Entwicklung
Sie haben dieses Quiz noch nicht gespielt